00501nam a2200205Ia 4500008004100000020001800041050001600059100001600075245003900091245001900130250001700149260001500166260001200181260000900193300001500202300002000217300001000237300004200247440000600289170918s9999 xx 000 0 und d a9780061429965 bB878fl 2010 aBrown, Jeff 4aThe intrepid canadian expedition / cby Jeff Brown. aFirst editon aNew York : bHarper, c2010 a87 pages : billustrations ; c19cm. eFlat Stanley's worldwide adventures ; a4